|
|
|
|
| LEADER |
00000nab a2200000 a 4500 |
| 001 |
vtls000753762 |
| 003 |
SK-MaSNL |
| 005 |
20260305035418.0 |
| 008 |
250429c2001 xo 0 slo |
| 015 |
|
|
|a SNBRB2001/04-12359
|
| 035 |
|
|
|a CLN000105549
|
| 035 |
|
|
|a urn:nbn:sk:snk-ablm4
|
| 035 |
|
|
|a (urnnbn)urn:nbn:sk:snk:ar-a0507b
|
| 035 |
|
|
|a (uuid)58751627-f3f3-4eb8-b4d0-8f22a82c5cbb
|
| 040 |
|
|
|a SNKBUCL
|b slo
|c SNKBUCL
|e AACR2
|
| 041 |
0 |
|
|a slo
|
| 044 |
|
|
|a xo
|c SK
|
| 080 |
|
|
|a 372.41
|2 1997
|
| 080 |
|
|
|a 159.946.4
|2 1997
|
| 080 |
|
|
|a 37.03
|2 1997
|
| 100 |
1 |
|
|a Gavora, Peter,
|d 1942-
|4 aut
|9 207254
|
| 245 |
1 |
0 |
|a Sonda do funkčnej gramotnosti žiakov 4. ročníka ZŠ
|c Peter Gavora, Beáta Stryhalová
|
| 300 |
|
|
|b Graf, tab.
|
| 504 |
|
|
|a Bibliogr. odkazy
|
| 650 |
0 |
7 |
|a funkčná gramotnosť
|2 snkbucl
|9 69139
|
| 650 |
0 |
7 |
|a žiaci základných škôl
|2 snkbucl
|9 57099
|
| 655 |
|
7 |
|a články z novín a časopisov
|2 snkbucl
|9 267496
|
| 700 |
1 |
|
|a Stryhalová, Beáta
|4 aut
|9 1617992
|
| 773 |
0 |
|
|t Slovenský jazyk a literatúra v škole
|g Roč. 47, č. 5-6 (2000/2001), s. 147-154
|x 1335-2040
|
| 850 |
|
|
|a Slovenská národná knižnica
|
| 852 |
|
|
|a Slovenská národná knižnica
|
| 954 |
|
|
|a odborná, vedecká literatúra pôvodná (slovenská)
|2 lita
|
| 958 |
|
|
|a article27
|
| 958 |
|
|
|a NB
|
| 958 |
|
|
|a OND
|
| 958 |
|
|
|a EUIPO
|
| 999 |
|
|
|c 3333679
|d 3335609
|